书目信息 |
| 题名: |
电脑外设安装维护与实用技巧
|
|
| 作者: | 宋建龙 , 芮峰 , 郑文鑫 编著 | |
| 分册: | ||
| 出版信息: | 北京 人民邮电出版社 2004.3 |
|
| 页数: | 202页 | |
| 开本: | 26cm | |
| 丛书名: | 软硬兼施电脑丛书 | |
| 单 册: | ||
| 中图分类: | TP334 | |
| 科图分类: | ||
| 主题词: | 电子计算机--dian zi ji suan ji--外部设备--基本知识 , 外部设备--wai bu she bei | |
| 电子资源: | ||
| ISBN: | 7-115-11766-7 | |
| 000 | 01169nam 2200301 450 | |
| 001 | CAL 012006006603 | |
| 005 | 20061030100509.36 | |
| 010 | @a7-115-11766-7@dCNY19.00 | |
| 099 | @aCAL 012006006603 | |
| 100 | @a20060918d2004 em y0chiy0120 ea | |
| 101 | 0 | @achi |
| 102 | @aCN@b110000 | |
| 105 | @aa z 000yy | |
| 200 | 1 | @a电脑外设安装维护与实用技巧@Adian nao wai she an zhuang wei hu yu shi yong ji qiao@f宋建龙, 芮峰, 郑文鑫编著 |
| 210 | @a北京@c人民邮电出版社@d2004.3@h2004.9重印 | |
| 215 | @a202页@c图@d26cm | |
| 225 | 2 | @a软硬兼施电脑丛书@Aruan ying jian shi dian nao cong shu |
| 330 | @a本书从主板的各种接口开始, 详尽地介绍现时流行的各种电脑外部设备, 不但涉及了各种硬件的简介、选购技巧、安装和使用方法, 还介绍了软件方面的应用技巧和日常维护。 | |
| 333 | @a阅读对象: 电脑初级用户和办公室人员、硬件爱好者 | |
| 410 | 0 | @12001 @a软硬兼施电脑丛书 |
| 606 | 0 | @a电子计算机@Adian zi ji suan ji@x外部设备@x基本知识 |
| 606 | 0 | @a外部设备@Awai bu she bei |
| 690 | @aTP334@v4 | |
| 701 | 0 | @a宋建龙@Asong jian long@4编著 |
| 701 | 0 | @a芮峰@Arui feng@4编著 |
| 701 | 0 | @a郑文鑫@Azheng wen xin@4编著 |
| 801 | 0 | @aCN@c20061030 |
| 905 | @a10447@dTP334@eS765 | |
| 电脑外设安装维护与实用技巧/宋建龙, 芮峰, 郑文鑫编著.-北京:人民邮电出版社,2004.3(2004.9重印) |
| 202页:图;26cm.-(软硬兼施电脑丛书) |
| 使用对象:阅读对象: 电脑初级用户和办公室人员、硬件爱好者 |
| ISBN 7-115-11766-7:CNY19.00 |
| 本书从主板的各种接口开始, 详尽地介绍现时流行的各种电脑外部设备, 不但涉及了各种硬件的简介、选购技巧、安装和使用方法, 还介绍了软件方面的应用技巧和日常维护。 |
| ● |
| 相关链接 |
|
|
|
正题名:电脑外设安装维护与实用技巧
索取号:TP334/S765
 
预约/预借
| 序号 | 登录号 | 条形码 | 馆藏地/架位号 | 状态 | 备注 |
| 1 | 634903 | 206349030 | 自科库301/301自科库 55排4列1层/ [索取号:TP334/S765] | 在馆 | |
| 2 | 634904 | 206349049 | 自科库301/301自科库 61排6列3层/ [索取号:TP334/S765] | 在馆 | |
| 3 | 634905 | 206349058 | 自科库301/301自科库 61排6列3层/ [索取号:TP334/S765] | 在馆 |